000 00491nam a2200169Ia 4500
008 220531s9999 xx 000 0 und d
041 _amar
100 _aघाटोळे रा.ना.
_948515
245 _aग्रामीण समाजशास्‍त्र व सामुदायिक विकास
250 _a1ST
260 _bMangesh
_c2000
300 _a270
542 _d31-03-2006
650 _aSociology
_948516
906 _d2005-2006
999 _c28385
_d28385